000
00266nam a2200121 a 4500
008
100924s1982|||| d
100
1
_a
Di Falco, Laura
245
1
0
_a
Mreže
260
_b
Smena
_a
Bratislava
_c
1982
020
_c
30
044
_a
xo
_c
SK
041
_a
slo
999
_c
10682
_d
10682